000 00311nam a22001337a 4500
008 171023b xxu||||| |||| 00| 0 eng d
020 _a0155837435
041 _aeng
080 _23RD
_a311
100 _a55
101 _aSTA
245 _aSTATISTICS FOR MODERN BUSINESS DECISIONS
_cLAPIN,L.L
942 _2udc
_cBK
999 _c35482
_d35482